| 000 | 00675cab a2200193 4500 | ||
|---|---|---|---|
| 001 | ##L135244 | ||
| 008 | 061006n 000 0 eng u | ||
| 035 | _a(Sirsi) u135244 | ||
| 041 | 0 | _aeng | |
| 100 | 1 | _aClark, Bryan | |
| 245 | 0 | 0 | _aThat's settled, then |
| 490 | 0 |
_aJournal of the Law Society of Scotland _v51(9)September 2006, 22-23(2) |
|
| 520 | _aPresents findings into the attitudes and experiences of Scottish commercial litigators relative to alternative dispute resolution. | ||
| 590 | _aIKA171006 | ||
| 651 | 4 |
_aScotland _y1999- |
|
| 690 | _aMANAGEMENT-DISPUTE AVOIDANCE, MANAGEMENT AND RESOLUTION-DISPUTE AVOIDANCE | ||
| 700 | 1 | _aDawson, Charles | |
| 942 | _n0 | ||
| 999 |
_c77838 _d77838 |
||